Telenovela: ficción popular y mutaciones culturales

Gorde:
Xehetasun bibliografikoak
Egile Nagusiak: Verón, Eliseo (Egilea), Escudero, Lucrecia (Egilea)
Formatua: Liburua
Hizkuntza:gaztelania
Argitaratua: Barcelona Gedisa 1997
Edizioa:1a. ed
Saila:Colección el Mamífero Parlante
Comunicación y Sociología
Gaiak:
Sarrera elektronikoa:imnagen tapa
Etiketak: Etiketa erantsi
Etiketarik gabe, Izan zaitez lehena erregistro honi etiketa jartzen!

MARC

LEADER 00000nam a2200000 a 4500
001 UCJ2246
003 CL-VaPUC
008 061201e19970000SP |||||||||||||||||spa|d
020 |a 8474326133 
082 0 4 |a 302.2345  |b VER  |2 21 
100 0 |a Verón, Eliseo  |e author  |9 503202 
700 0 |a Escudero, Lucrecia  |e author  |9 503203 
245 1 0 |a Telenovela: ficción popular y mutaciones culturales 
250 |a 1a. ed 
300 |a 266 p 
942 |c BK 
945 |d 20061201 00:00:00  |a jtorresc 
260 |a Barcelona  |b Gedisa  |c 1997 
650 0 |a Televisión  |9 256845 
650 0 |a Medios de comunicación  |9 257206 
650 7 |a TELENOVELAS  |2 CL-VaPUC  |9 335093 
650 0 |a Programas de televisión  |9 335092 
856 7 |f UCJ2246_01.jpg  |u http://opac.pucv.cl/pucv_img/Img-2000/UCJ2246_01.jpg  |q JEPG  |2 file  |z imnagen tapa 
583 |a last modification  |c 20061201 00:00:00  |k Rodrigo Vera 
490 0 |a Colección el Mamífero Parlante 
490 0 |a Comunicación y Sociología 
999 |c 318596  |d 318594 
952 |0 0  |1 0  |4 0  |6 302_234500000000000_VER_1997  |7 0  |8 A  |9 396513  |a BIBCUR  |b BIBCUR  |d 2019-11-22  |i 4303121  |o 302.2345 VER 1997  |p 4303121  |r 2025-04-22  |w 2019-11-22  |y BK  |k MGC